[Event "3rd Prague Futures"]
[Site "Prague CZE"]
[Date "2021.06.14"]
[Round "1.1"]
[White "Hlavina, Matous"]
[Black "Brozka, Karel"]
[Result "1/2-1/2"]
[WhiteElo "2119"]
[BlackElo "2080"]
[WhiteFideId "386650"]
[BlackFideId "398705"]
[EventDate "2021.06.14"]

1. e4 d5 2. exd5 Nf6 3. d4 Nxd5 4. c4 Nb6 5. Nc3 g6 6. Be3 Bg7 7. Qd2 Nc6 8. Rd1
Bf5 9. Nf3 Bg4 10. c5 Bxf3 11. gxf3 Nd5 12. Bc4 e6 13. O-O O-O 14. Kg2 Nce7 15.
Bg5 c6 16. Bxd5 exd5 17. Rfe1 f6 18. Bf4 Nf5 19. Qd3 Qd7 20. Bg3 Rae8 21. b4 h5
22. h3 a6 23. a4 Rxe1 24. Rxe1 Re8 25. Rb1 Bh6 26. b5 axb5 27. axb5 Qe6 28. bxc6
bxc6 29. Rb6 h4 30. Bd6 Qe1 31. Rb1 Re3 32. Rxe1 Rxd3 33. Ne2 Rd2 34. f4 Bf8 35.
Bxf8 Kxf8 36. Kf3 Rd3+ 37. Kg4 Rd2 38. Kf3 Rd3+ 39. Kg4 Nh6+ 40. Kxh4 Nf5+ 41.
Kg4 Nh6+ 1/2-1/2

[Event "3rd Prague Futures"]
[Site "Prague CZE"]
[Date "2021.06.14"]
[Round "1.2"]
[White "Smolik, Jachym"]
[Black "Nadzamova, Viktoria"]
[Result "0-1"]
[BlackTitle "WFM"]
[WhiteElo "2073"]
[BlackElo "2014"]
[WhiteFideId "23701641"]
[BlackFideId "14943999"]
[EventDate "2021.06.14"]

1. d4 Nf6 2. Nf3 e6 3. e3 b6 4. Bd3 Bb7 5. O-O d5 6. Ne5 Bd6 7. f4 O-O 8. Nd2 c5
9. b3 Nc6 10. c3 Rc8 11. Bb2 Qe7 12. a4 Nd7 13. Rf3 f5 14. Nxd7 Qxd7 15. Qf1 Na5
16. Rh3 c4 17. bxc4 dxc4 18. Nxc4 Bxg2 19. Kxg2 Nxc4 20. Bxc4 Qc6+ 21. Kf2 Qxc4
22. Qxc4 Rxc4 23. Ke2 Rfc8 24. Kd3 a6 25. Rg3 b5 26. axb5 axb5 27. Rg2 R4c6 28.
Rc2 Kf7 29. Rcc1 R8c7 30. Ra5 Rb7 31. Rb1 Bc7 32. Ra8 Bd6 33. Ba3 Bxa3 34. Rxa3
Ke7 35. Rab3 Rbc7 36. Rc1 Rb7 37. Rb4 Kd6 38. Rcb1 Rcb6 39. e4 g6 40. Ke3 Kc6
41. Ra1 Rb8 42. Ra5 R8b7 43. h4 Rb8 44. Ra7 R8b7 45. Ra8 Kd6 46. e5+ Kd7 47. Rh8
Kc6 48. Kd3 Rd7 49. Re8 Kb7 50. Ke3 Rc7 51. Kd2 Ka6 52. Kd3 Rbc6 53. Rb3 Rb7 54.
Ra3+ Kb6 55. Raa8 b4 56. cxb4 Kb5 57. Rab8 Rbb6 58. Rxb6+ Rxb6 59. Kc3 Rc6+ 60.
Kb3 Rc1 61. Rxe6 Rh1 62. Re8 Rh3+ 63. Kc2 Kxb4 64. e6 Rc3+ 65. Kd2 Rc7 66. e7
Kc4 67. Ke3 h6 68. d5 Kc5 69. Kd3 h5 70. Kd2 Kd6 71. Ke3 Kd7 72. d6 Kxd6 73. Kd4
Rxe7 74. Rxe7 Kxe7 75. Ke5 Kf7 76. Kd5 Kf6 77. Kd6 Kf7 78. Kd7 g5 0-1

[Event "3rd Prague Futures"]
[Site "Prague CZE"]
[Date "2021.06.14"]
[Round "1.3"]
[White "Paseka, Matyas"]
[Black "Balint, Peter"]
[Result "1/2-1/2"]
[WhiteElo "2069"]
[BlackElo "1978"]
[WhiteFideId "23703296"]
[BlackFideId "1660713"]
[EventDate "2021.06.14"]

1. e4 e5 2. Nf3 Nc6 3. Bb5 a6 4. Ba4 Nf6 5. O-O Be7 6. Re1 b5 7. Bb3 O-O 8. a4
Bb7 9. d3 d5 10. exd5 Nxd5 11. axb5 axb5 12. Rxa8 Bxa8 13. Nxe5 Nxe5 14. Rxe5
Qd6 15. d4 Bf6 16. Re1 Nf4 17. Bxf4 Qxf4 18. c3 Qg5 19. f3 c5 20. dxc5 g6 21.
Qe2 Qxc5+ 22. Qe3 Qh5 23. Qf4 Kg7 24. Nd2 Bc6 25. Nf1 Rd8 26. Kh1 Qc5 27. Qe3
Qxe3 28. Rxe3 h5 29. Kg1 b4 30. g3 bxc3 31. bxc3 Rb8 32. Nd2 Bd8 33. Kf1 Kf8 34.
Ke1 h4 35. Kd1 hxg3 36. hxg3 Bb6 37. Re1 Bf2 38. Rf1 Bxg3 39. Kc2 Bf4 40. Ne4
Kg7 41. Ra1 Rb7 42. Rg1 Rc7 43. c4 f5 44. Nc5 Kf6 45. Nd3 Be3 46. Re1 Bd4 47. f4
Be4 48. Kd2 Rh7 49. Bd1 Bb6 50. Rf1 Ba5+ 51. Ke3 Re7 52. Bf3 Bb6+ 53. c5 Bxd3+
54. Kxd3 Bxc5 55. Bg2 Re3+ 56. Kd2 Rg3 57. Bh1 Rg4 58. Bd5 Bf8 59. Ke3 Bh6 60.
Bc4 Rxf4 61. Rxf4 Ke5 62. Kf3 Bxf4 63. Bf7 g5 64. Bb3 g4+ 65. Kg2 Kf6 66. Bd1
Ke5 67. Bc2 Be3 68. Kg3 Bd4 69. Bd1 Ke4 70. Bxg4 1/2-1/2

[Event "3rd Prague Futures"]
[Site "Prague CZE"]
[Date "2021.06.14"]
[Round "1.4"]
[White "Vojta, Jakub"]
[Black "Warchol, Kamil"]
[Result "1-0"]
[BlackTitle "CM"]
[WhiteElo "2111"]
[BlackElo "2126"]
[WhiteFideId "382515"]
[BlackFideId "21858241"]
[EventDate "2021.06.14"]

1. e4 e5 2. Nf3 Nc6 3. Bb5 a6 4. Ba4 Nf6 5. O-O b5 6. Bb3 Bc5 7. Nxe5 Nxe5 8. d4
Qe7 9. Bg5 h6 10. Bxf6 Qxf6 11. dxc5 O-O 12. Nc3 Ng6 13. f4 Ne7 14. a3 Rd8 15.
Kh1 Bb7 16. Qh5 Bc6 17. Rae1 Rf8 18. Re3 Kh7 19. f5 d6 20. cxd6 cxd6 21. Ne2
Rae8 22. Qg4 Bd7 23. Ng3 Ng8 24. Nh5 Qg5 25. Qxg5 hxg5 26. Rh3 Nh6 27. Bd5 f6
28. Rg3 Re7 29. h4 gxh4 30. Rh3 Rc8 31. Rf4 Bc6 32. Be6 Bd7 33. Nxf6+ gxf6 34.
Bxd7 Rxd7 35. Rfxh4 Rf8 36. Rxh6+ Kg8 37. Rh8+ Kf7 38. R3h7+ 1-0

[Event "3rd Prague Futures"]
[Site "Prague CZE"]
[Date "2021.06.15"]
[Round "2.1"]
[White "Hlavina, Matous"]
[Black "Smolik, Jachym"]
[Result "0-1"]
[WhiteElo "2119"]
[BlackElo "2073"]
[WhiteFideId "386650"]
[BlackFideId "23701641"]
[EventDate "2021.06.14"]

1. e4 c6 2. d4 d5 3. exd5 cxd5 4. Bd3 Nc6 5. c3 Qc7 6. Ne2 Bg4 7. O-O Nf6 8. Qe1
e6 9. Bg5 O-O-O 10. f3 Bf5 11. Bxf5 exf5 12. Bxf6 gxf6 13. Qh4 Bd6 14. Na3 Qe7
15. Rfe1 Qe3+ 16. Kf1 Qg5 17. Qxg5 fxg5 18. Nc2 Ne7 19. g3 Kd7 20. Kg2 h5 21.
Rh1 Rde8 22. Rae1 Rh6 23. Nc1 Re6 24. Nd3 Ng6 25. Kf2 f4 26. gxf4 Nxf4 27. Nxf4
Bxf4 28. Rxe6 Rxe6 29. Nb4 Kd6 30. Nd3 Be3+ 31. Kg2 f5 32. Re1 f4 33. Ne5 Re7
34. Kf1 b5 35. Ke2 Ke6 36. Kd3 Rc7 37. Re2 Kf5 38. h3 a5 39. Rc2 a4 40. a3 Ra7
41. Rh2 Rg7 42. Rh1 Bf2 43. Rf1 Be3 44. Rb1 Ra7 45. Kc2 Ke6 46. b3 axb3+ 47.
Kxb3 Ra5 48. Ka2 Bd2 49. Rb3 Bc1 50. Nd3 Bd2 51. Kb2 Kf5 52. Ne5 Ke6 53. Rb4 Kf5
54. Rb3 Ke6 55. Nc6 Ra6 56. Nd8+ Ke7 57. Nb7 g4 58. Kc2 Be3 59. fxg4 hxg4 60.
hxg4 f3 61. Kd3 Rf6 62. Rb1 f2 63. Rf1 Bg5 64. Ke2 Bh4 65. Nc5 Kd6 66. Nd3 Re6+
67. Ne5 Rf6 68. g5 Bxg5 69. Nf3 Re6+ 70. Kxf2 Be3+ 71. Kg3 Rg6+ 72. Kh3 Rf6 73.
Kg4 Rf4+ 74. Kg3 Rf6 75. Re1 Rg6+ 76. Kh2 Bf4+ 77. Kh1 Rg3 78. Rf1 Ke6 79. Ng1
Bd2 80. Nf3 Bxc3 81. Kh2 Rg8 82. Rc1 Bb2 83. Rc5 Rb8 84. Rc6+ Kf5 85. Ra6 Ke4
86. Kg2 Rg8+ 87. Kf2 Bxd4+ 88. Nxd4 Kxd4 89. Ke2 Rg2+ 90. Kd1 Ra2 91. Rb6 Kc4
92. Ra6 b4 93. a4 d4 94. Ra8 Kb3 95. a5 Kb2 96. a6 b3 97. a7 Ra4 98. Kd2 Ka2 99.
Rd8 Rxa7 100. Rxd4 b2 0-1

[Event "3rd Prague Futures"]
[Site "Prague CZE"]
[Date "2021.06.15"]
[Round "2.2"]
[White "Balint, Peter"]
[Black "Vojta, Jakub"]
[Result "0-1"]
[WhiteElo "1978"]
[BlackElo "2111"]
[WhiteFideId "1660713"]
[BlackFideId "382515"]
[EventDate "2021.06.14"]

1. e4 c5 2. Nf3 Nc6 3. d4 cxd4 4. Nxd4 Nf6 5. Nc3 e5 6. Ndb5 d6 7. Bg5 a6 8. Na3
b5 9. Nd5 Be7 10. Bxf6 Bxf6 11. c4 b4 12. Nc2 O-O 13. g3 Be6 14. Bg2 Bxd5 15.
cxd5 Nd4 16. Nxd4 exd4 17. O-O d3 18. Qd2 Qb6 19. Rab1 Qb5 20. Rfc1 Rac8 21. Bf1
Rxc1 22. Rxc1 Qa4 23. b3 Qa5 24. Bxd3 Bc3 25. Qe2 Re8 26. Rc2 Qc5 27. Qf3 a5 28.
Kg2 Qd4 29. h4 h5 30. Re2 g6 31. Bc2 Kg7 32. Kh2 Qf6 33. Qg2 Bd4 34. Bd3 Rc8 35.
Bc4 a4 36. f4 a3 37. Rc2 Bc3 38. Bb5 Qd4 39. Qe2 Rc7 40. Qd3 Qxd3 41. Bxd3 Rc5
42. Kg2 f6 43. Kf3 Kf8 44. Kg2 Kg7 45. Kh3 Kh6 46. g4 g5 47. hxg5+ fxg5 48. gxh5
Kxh5 49. Rg2 gxf4 50. Rc2 Rc7 51. Kg2 Rg7+ 52. Kf1 Rg3 53. Bb5 f3 54. Rh2+ Kg4
55. Bd7+ Kf4 56. Rh4+ Ke3 57. Rh1 Rg2 0-1

[Event "3rd Prague Futures"]
[Site "Prague CZE"]
[Date "2021.06.15"]
[Round "2.4"]
[White "Nadzamova, Viktoria"]
[Black "Paseka, Matyas"]
[Result "1-0"]
[WhiteTitle "WFM"]
[WhiteElo "2014"]
[BlackElo "2069"]
[WhiteFideId "14943999"]
[BlackFideId "23703296"]
[EventDate "2021.06.14"]

1. e4 c5 2. Nf3 d6 3. Bb5+ Nd7 4. O-O a6 5. Bd3 Ngf6 6. Re1 b5 7. c3 Bb7 8. Bc2
c4 9. b4 Ng4 10. d4 cxd3 11. Qxd3 Nge5 12. Nxe5 Nxe5 13. Qg3 g6 14. Nd2 Rc8 15.
f4 Nc4 16. Nxc4 Rxc4 17. Bd3 Rc8 18. a4 Bg7 19. e5 O-O 20. Bd2 Qd7 21. axb5 axb5
22. Rad1 Rfd8 23. e6 fxe6 24. h4 Rf8 25. h5 gxh5 26. Qg5 Qc6 27. Be4 d5 28. Bd3
Rf7 29. Re3 Qb6 30. Kh1 d4 31. Rg3 dxc3 32. Be3 c2 33. Bxc2 Qc6 34. Rd2 Qa6 35.
Bd4 e5 36. Bxe5 1-0

[Event "3rd Prague Futures"]
[Site "Prague CZE"]
[Date "2021.06.16"]
[Round "3.1"]
[White "Paseka, Matyas"]
[Black "Hlavina, Matous"]
[Result "1/2-1/2"]
[WhiteElo "2069"]
[BlackElo "2119"]
[WhiteFideId "23703296"]
[BlackFideId "386650"]
[EventDate "2021.06.14"]

1. e4 e6 2. d4 d5 3. Nd2 c5 4. exd5 Qxd5 5. Ngf3 cxd4 6. Bc4 Qd6 7. O-O Nf6 8.
Nb3 Nc6 9. Nbxd4 Nxd4 10. Nxd4 Be7 11. c3 O-O 12. Bg5 Qc5 13. Bxf6 Bxf6 14. Bd3
Rd8 15. Qc2 g6 16. Nf3 Bd7 17. Rad1 Qa5 18. Bc4 Rac8 19. Bb3 Qh5 20. Nd2 Bc6 21.
Ne4 Be7 22. Rfe1 a5 23. a4 Kg7 24. f3 e5 25. Qe2 Qh4 26. Qf2 f5 27. Qxh4 Bxh4
28. Nc5 Rxd1 29. Rxd1 Re8 30. Bd5 Be7 31. Nxb7 Bxb7 32. Bxb7 Rb8 33. Rd7 Kf6 34.
Kf1 h6 35. b3 Ke6 36. Rc7 Kd6 37. Rc6+ Kd7 38. Rb6 Bd6 39. Rb5 Kc7 40. Ba6 Rxb5
41. Bxb5 e4 42. fxe4 fxe4 43. Ke2 Bxh2 44. Ke3 Be5 45. c4 Kd6 46. Kxe4 Bc3 47.
Be8 g5 48. Kf5 Kc5 49. Kg6 Bd2 1/2-1/2

[Event "3rd Prague Futures"]
[Site "Prague CZE"]
[Date "2021.06.16"]
[Round "3.2"]
[White "Warchol, Kamil"]
[Black "Balint, Peter"]
[Result "1-0"]
[WhiteTitle "CM"]
[WhiteElo "2126"]
[BlackElo "1978"]
[WhiteFideId "21858241"]
[BlackFideId "1660713"]
[EventDate "2021.06.14"]

1. e4 e5 2. Nf3 Nc6 3. Bc4 Nf6 4. d3 Be7 5. c3 O-O 6. Nbd2 d5 7. exd5 Nxd5 8.
Ne4 f5 9. Ng3 Kh8 10. O-O f4 11. Ne4 Nb6 12. Bb3 Bg4 13. a4 a5 14. Qe2 Qe8 15.
Bd1 Qg6 16. Kh1 Rf5 17. Nh4 Bxe2 18. Nxg6+ hxg6 19. Bxe2 Rd8 20. Rd1 Rff8 21. b3
Nd7 22. Ba3 Rfe8 23. Bxe7 Rxe7 24. Bf3 Ncb8 25. Rab1 Na6 26. b4 axb4 27. cxb4 c6
28. a5 Nc7 29. Nd6 Rb8 30. b5 Nxb5 31. Nxb5 cxb5 32. Rxb5 Nf6 33. Re1 Rd7 34.
Rexe5 Rxd3 35. h3 Rd7 36. a6 b6 37. Re6 Kh7 38. Rexb6 Rxb6 39. Rxb6 Ra7 40. Be2
Ne4 41. Rb7 Ra8 42. a7 Nd6 43. Rc7 Nc8 44. Bf3 Rxa7 45. Rxc8 Ra2 46. Kg1 Ra1+
47. Kh2 Ra2 48. Rf8 1-0

[Event "3rd Prague Futures"]
[Site "Prague CZE"]
[Date "2021.06.16"]
[Round "3.3"]
[White "Smolik, Jachym"]
[Black "Brozka, Karel"]
[Result "1-0"]
[WhiteElo "2073"]
[BlackElo "2080"]
[WhiteFideId "23701641"]
[BlackFideId "398705"]
[EventDate "2021.06.14"]

1. d4 Nf6 2. Nf3 e6 3. e3 d5 4. Bd3 Be7 5. O-O O-O 6. c4 b6 7. Nc3 Ba6 8. Qe2
Nbd7 9. Rd1 Rc8 10. cxd5 Bxd3 11. Qxd3 exd5 12. Ne5 c6 13. Nxd7 Qxd7 14. Bd2 Bd6
15. Rac1 Qg4 16. h3 Qe6 17. Be1 Rfe8 18. Rc2 Nh5 19. Qe2 Qg6 20. Rdc1 Nf4 21.
Qg4 Qxg4 22. hxg4 Nd3 23. Rd1 Nb4 24. Rcc1 Kf8 25. a3 Na6 26. Rc2 Ke7 27. f3 Nc7
28. Rdc1 Kd7 29. Kf2 Ne6 30. Bd2 Rh8 31. Rh1 h6 32. Ke2 Rhe8 33. Kd3 Nc7 34. Rh5
f6 35. Rc1 a6 36. Rb1 b5 37. Na2 Rb8 38. Rc1 Ne6 39. Rc2 Rec8 40. Bb4 Bxb4 41.
Nxb4 Ra8 42. Kd2 Kd6 43. b3 a5 44. Nd3 Re8 45. Rh1 Ra7 46. Rhc1 Rc7 47. Nc5 Nxc5
48. Rxc5 Ra8 49. Kd3 a4 50. b4 Re8 51. e4 dxe4+ 52. fxe4 Rb8 53. d5 Rb6 54. Kd4
g6 55. R1c3 Rc8 56. Rf3 Rf8 57. Rxf6+ Rxf6 58. e5+ Kd7 59. exf6 cxd5 60. Rxd5+
Ke6 61. Kc5 Rb8 62. Rd6+ Kf7 63. g5 hxg5 64. g4 Re8 65. Kxb5 Re4 66. Ka6 Re3 67.
b5 Rxa3 68. b6 Rb3 69. b7 a3 70. Ka7 a2 71. Ra6 a1=Q 72. Rxa1 Rxb7+ 73. Kxb7
Kxf6 74. Re1 1-0

[Event "3rd Prague Futures"]
[Site "Prague CZE"]
[Date "2021.06.16"]
[Round "3.4"]
[White "Vojta, Jakub"]
[Black "Nadzamova, Viktoria"]
[Result "1/2-1/2"]
[BlackTitle "WFM"]
[WhiteElo "2111"]
[BlackElo "2014"]
[WhiteFideId "382515"]
[BlackFideId "14943999"]
[EventDate "2021.06.14"]

1. e4 c5 2. Nf3 e6 3. d4 cxd4 4. Nxd4 a6 5. c4 Nf6 6. Nc3 Qc7 7. a3 b6 8. Be3
Be7 9. Be2 Bb7 10. f3 Nc6 11. Na4 d5 12. exd5 exd5 13. Nf5 O-O 14. cxd5 Rad8 15.
Bxb6 Qe5 16. Bxd8 Rxd8 17. Nxe7+ Nxe7 18. O-O Nf5 19. Re1 Qe3+ 20. Kh1 Ng3+ 21.
hxg3 Qh6+ 22. Kg1 Qe3+ 23. Kh2 Qh6+ 24. Kg1 Qe3+ 25. Kh2 Qh6+ 1/2-1/2

[Event "3rd Prague Futures"]
[Site "Prague CZE"]
[Date "2021.06.17"]
[Round "4.1"]
[White "Brozka, Karel"]
[Black "Balint, Peter"]
[Result "1-0"]
[WhiteElo "2080"]
[BlackElo "1978"]
[WhiteFideId "398705"]
[BlackFideId "1660713"]
[EventDate "2021.06.14"]

1. d4 d5 2. c4 dxc4 3. e4 e5 4. d5 Nf6 5. Nc3 c6 6. Bg5 Qa5 7. Bxf6 gxf6 8. Bxc4
Nd7 9. dxc6 bxc6 10. Qh5 Rb8 11. Qxf7+ Kd8 12. Ne2 Be7 13. O-O Qc5 14. Bb3 Bf8
15. Rfd1 Qe7 16. Qc4 Qc5 17. Qe6 Be7 18. Rac1 Qb6 19. Na4 1-0

[Event "3rd Prague Futures"]
[Site "Prague CZE"]
[Date "2021.06.17"]
[Round "4.2"]
[White "Hlavina, Matous"]
[Black "Vojta, Jakub"]
[Result "1/2-1/2"]
[WhiteElo "2119"]
[BlackElo "2111"]
[WhiteFideId "386650"]
[BlackFideId "382515"]
[EventDate "2021.06.14"]

1. e4 c5 2. Nf3 Nc6 3. d4 cxd4 4. Nxd4 Nf6 5. Nc3 e5 6. Ndb5 d6 7. Bg5 a6 8. Na3
b5 9. Nd5 Be7 10. Bxf6 Bxf6 11. c3 O-O 12. Nc2 Rb8 13. Be2 Bg5 14. O-O Kh8 15.
Qd3 f5 16. Bf3 g6 17. Rad1 Bb7 18. Ndb4 Ne7 19. exf5 Bxf3 20. Qxf3 Rc8 21. f6
Rxf6 22. Qd3 a5 23. Nd5 Nxd5 24. Qxd5 Qb6 25. Ne1 Rcf8 26. Nf3 h5 27. Kh1 Bf4
28. Rd3 Kg7 29. h4 Qa7 30. g3 Bh6 31. Kg2 R8f7 32. Qe4 Qc5 33. Rd5 Qb6 34. Rd3
Qc5 35. Rd5 Qa7 36. Rd3 Qc5 1/2-1/2

[Event "3rd Prague Futures"]
[Site "Prague CZE"]
[Date "2021.06.17"]
[Round "4.3"]
[White "Smolik, Jachym"]
[Black "Paseka, Matyas"]
[Result "0-1"]
[WhiteElo "2073"]
[BlackElo "2069"]
[WhiteFideId "23701641"]
[BlackFideId "23703296"]
[EventDate "2021.06.14"]

1. d4 Nf6 2. Nf3 g6 3. Nbd2 d5 4. b4 Bg7 5. e3 O-O 6. c4 c6 7. Ba3 Bf5 8. Rc1
Nbd7 9. Qb3 Rc8 10. Be2 dxc4 11. Bxc4 Nb6 12. Bd3 Qd5 13. Qxd5 cxd5 14. Ke2 Ne4
15. Bxe4 dxe4 16. Ng5 Bg4+ 17. f3 exf3+ 18. gxf3 Bd7 19. Nge4 Bb5+ 20. Kf2 Nd5
21. f4 b6 22. Rhe1 f6 23. Nb1 Rfd8 24. Nbc3 Nxc3 25. Rxc3 f5 26. Rec1 Rxc3 27.
Nxc3 Bc4 28. Rc2 b5 29. Ne2 Bf6 30. Ng1 Bh4+ 31. Kg2 Rc8 32. Rd2 Bd5+ 33. Kh3
Bf6 34. Ne2 Rc6 35. Kg3 Re6 36. Kf2 Bh4+ 37. Ng3 Rc6 38. Ke2 Kf7 39. Bb2 Bxa2
40. d5 Rd6 41. Bd4 Bc4+ 42. Ke1 a6 43. Rd1 Rxd5 44. Ra1 Rd6 45. Bc5 Bf6 46. Ra5
Rc6 47. Ne2 e5 48. fxe5 Bxe5 49. Nd4 Rf6 50. Nf3 Bc7 51. Ra1 Bd6 52. Bxd6 Rxd6
53. Ne5+ Ke6 54. Nxc4 bxc4 55. Ke2 Rc6 56. Rc1 c3 57. Rc2 Ke5 58. Kd1 Ke4 59. h4
Kxe3 60. Rg2 f4 61. h5 gxh5 62. Rg7 Rf6 0-1

[Event "3rd Prague Futures"]
[Site "Prague CZE"]
[Date "2021.06.17"]
[Round "4.4"]
[White "Nadzamova, Viktoria"]
[Black "Warchol, Kamil"]
[Result "0-1"]
[WhiteTitle "WFM"]
[BlackTitle "CM"]
[WhiteElo "2014"]
[BlackElo "2126"]
[WhiteFideId "14943999"]
[BlackFideId "21858241"]
[EventDate "2021.06.14"]

1. e4 c5 2. Nf3 d6 3. Bb5+ Nd7 4. O-O a6 5. Bd3 Ngf6 6. Re1 b5 7. c4 Rb8 8. Nc3
Ne5 9. Nxe5 dxe5 10. Bf1 Bd7 11. cxb5 axb5 12. a4 bxa4 13. Nxa4 e6 14. b3 Bb5
15. Bxb5+ Rxb5 16. Bb2 Bd6 17. f4 Qb8 18. g4 O-O 19. g5 Nd7 20. Re3 Rd8 21. Rh3
c4 22. Qh5 Nf8 23. fxe5 Bxe5 24. Rf1 Qa7+ 25. Kh1 Rxd2 26. bxc4 Rbxb2 27. Nxb2
Bxb2 28. g6 fxg6 29. Rhf3 Bf6 30. Qg5 Rd8 31. Qg3 Qc5 32. Rc1 Rd4 33. Qf2 e5 34.
Qe3 Qc6 35. c5 h6 36. Qb3+ Kh7 37. Kg1 Ne6 38. Qb6 Qxe4 39. Rg3 Nf4 0-1

[Event "3rd Prague Futures"]
[Site "Prague CZE"]
[Date "2021.06.18"]
[Round "5.1"]
[White "Paseka, Matyas"]
[Black "Brozka, Karel"]
[Result "0-1"]
[WhiteElo "2069"]
[BlackElo "2080"]
[WhiteFideId "23703296"]
[BlackFideId "398705"]
[EventDate "2021.06.14"]

1. e4 d5 2. exd5 Qxd5 3. Nc3 Qa5 4. d4 Nf6 5. Bd2 Bf5 6. Bc4 Qb6 7. Nf3 e6 8.
Qe2 c6 9. O-O-O Be7 10. Ne5 Nbd7 11. Rhe1 Nxe5 12. dxe5 Ng4 13. f3 Nf2 14. Be3
Nxd1 15. Bxb6 Nxc3 16. bxc3 axb6 17. Rd1 Rd8 18. f4 h5 19. Kb2 Bc5 20. g3 Rxd1
21. Qxd1 Ke7 22. Bd3 Bh3 23. Qf3 g6 24. Qe4 Kd7 25. f5 Bxf5 26. Qf4 Be7 27. h3
Bxh3 28. Qxf7 Bf5 29. Qg7 Rf8 30. Qh6 Rg8 31. Qh7 Rf8 32. Bxf5 Rxf5 33. Qxg6
Rxe5 34. Qg8 Rg5 35. Qb8 Bd6 36. Qxb7+ Bc7 37. c4 Rxg3 38. c5 b5 39. c4 bxc4 40.
Qb4 h4 41. Qd2+ Kc8 42. Qh6 h3 43. Qxe6+ Kb7 44. Qxc4 h2 45. Qb4+ Kc8 46. Qh4
Be5+ 47. Kc2 Rg2+ 48. Kb3 Rg1 49. Qh3+ Kb7 50. Kc2 h1=Q 51. Qb3+ Kc8 52. Qe6+
Kd8 53. Qxe5 Rg2+ 54. Kb3 Qb1+ 0-1

[Event "3rd Prague Futures"]
[Site "Prague CZE"]
[Date "2021.06.18"]
[Round "5.2"]
[White "Warchol, Kamil"]
[Black "Hlavina, Matous"]
[Result "1/2-1/2"]
[WhiteTitle "CM"]
[WhiteElo "2126"]
[BlackElo "2119"]
[WhiteFideId "21858241"]
[BlackFideId "386650"]
[EventDate "2021.06.14"]

1. e4 c5 2. Nf3 d6 3. d4 cxd4 4. Nxd4 Nf6 5. Nc3 a6 6. Bc4 e6 7. O-O b5 8. Bb3
Be7 9. Qf3 Qb6 10. Bg5 O-O 11. Rad1 Nbd7 12. Rfe1 Bb7 13. Qe3 Ng4 14. Qd2 Bxg5
15. Qxg5 Ngf6 16. a3 Rac8 17. Qe3 Rfd8 18. f3 Ne5 19. Rd2 Nfd7 20. Na2 Nc5 21.
Qf2 a5 22. Nc1 Nxb3 23. Ndxb3 Qc7 24. Nd3 Nc4 25. Rde2 e5 26. Nbc1 f6 27. f4 Qb6
28. Na2 Qxf2+ 29. Rxf2 Rc7 30. fxe5 dxe5 31. Rfe2 Rdc8 32. c3 Rd8 33. Nac1 Kf7
34. Nf2 Ke7 35. Rd1 Rxd1+ 36. Nxd1 g6 37. Nd3 h5 38. N1f2 Nd6 39. Nc1 Ke6 40. h3
Rc8 41. Nb3 Nc4 42. Nd3 Kd6 43. Na1 Ke7 44. Nc2 Nd6 45. Nf2 Rc4 46. Ne3 Rc5 47.
Nc2 Rc8 48. Kh2 Ke6 49. g3 Ba8 50. Na1 f5 51. exf5+ gxf5 52. Nc2 Rg8 53. h4 Kf6
54. Ne1 Bc6 55. Ned3 Re8 56. Nh3 Bd5 57. Ng5 Bc4 58. Re3 Nf7 59. Kg2 Bd5+ 60.
Kh3 Be6 61. Kg2 Bd5+ 62. Kh3 Nd6 63. Re2 Ne4 64. Nxe4+ Bxe4 65. Nc5 Bc6 66. Rd2
Ke7 67. Nd3 Rd8 68. Nxe5 Rxd2 69. Nxc6+ Kf6 70. Nxa5 Rxb2 71. c4 bxc4 72. Nxc4
Rb3 73. Kg2 Rc3 74. Nb6 Ke6 75. a4 Rb3 76. a5 Kd6 77. Kf2 Kc6 78. Nc8 Kd7 79.
Nb6+ Kd6 80. Nc8+ Ke6 81. Nb6 Ke5 82. Nd7+ Kd4 83. Nf6 Ra3 84. Nxh5 Rxa5 85. Kf3
Ke5 86. Nf4 Ra3+ 87. Kg2 Ke4 88. Ne6 Ra2+ 89. Kh3 Ke3 90. Nf4 Kf3 91. Ng6 Ra1
92. Kh2 Kg4 93. Ne5+ Kh5 94. Nd3 Ra3 95. Nf2 Kg6 96. Kg2 Kf6 97. Nh3 Ke5 98. Nf4
Ke4 99. Ng6 Ra2+ 100. Kh3 Rb2 101. h5 Kf3 102. Ne5+ Ke4 103. Ng6 Kf3 104. Ne5+ 1/2-1/2

[Event "3rd Prague Futures"]
[Site "Prague CZE"]
[Date "2021.06.18"]
[Round "5.3"]
[White "Balint, Peter"]
[Black "Nadzamova, Viktoria"]
[Result "0-1"]
[BlackTitle "WFM"]
[WhiteElo "1978"]
[BlackElo "2014"]
[WhiteFideId "1660713"]
[BlackFideId "14943999"]
[EventDate "2021.06.14"]

1. e4 c5 2. Nf3 e6 3. d4 cxd4 4. Nxd4 a6 5. Bd3 Nf6 6. O-O d6 7. c4 Be7 8. Nc3
O-O 9. Be3 Nbd7 10. f4 Qc7 11. Qf3 b6 12. Qh3 Bb7 13. Bc2 g6 14. Rae1 e5 15.
fxe5 Nxe5 16. Kh1 Bc8 17. Qg3 Nh5 18. Qf2 Ng4 19. Qd2 Bh4 20. Nd5 Bxe1 21. Rxe1
Qd8 22. Bg5 f6 23. Nc6 Qe8 24. Ba4 b5 25. cxb5 fxg5 26. e5 Qf7 27. Qc1 Nf2+ 28.
Kg1 Nd3 29. Qe3 Nxe1 30. Qxe1 axb5 31. Bb3 Be6 32. exd6 Kh8 33. Qe5+ Ng7 0-1

[Event "3rd Prague Futures"]
[Site "Prague CZE"]
[Date "2021.06.18"]
[Round "5.4"]
[White "Vojta, Jakub"]
[Black "Smolik, Jachym"]
[Result "0-1"]
[WhiteElo "2111"]
[BlackElo "2073"]
[WhiteFideId "382515"]
[BlackFideId "23701641"]
[EventDate "2021.06.14"]

1. e4 c6 2. d4 d5 3. f3 e6 4. Nc3 Bb4 5. Bf4 Ne7 6. Ne2 Nd7 7. Qd3 Ng6 8. Bg3 a5
9. h4 h5 10. Nf4 Ndf8 11. O-O-O Be7 12. Qe3 Nxf4 13. Bxf4 Ng6 14. g3 Nxf4 15.
Qxf4 Qd6 16. e5 Qb4 17. a3 Qb6 18. Na4 Qa7 19. Qe3 b6 20. Rd3 Bd7 21. Rb3 Rb8
22. Qc3 c5 23. dxc5 Bxa4 24. cxb6 Qd7 25. Qxa5 O-O 26. Bb5 Bxb5 27. Qxb5 Qxb5
28. Rxb5 Rfc8 29. a4 Rc4 30. b3 Rb4 31. Rxb4 Bxb4 32. Rd1 Rxb6 33. Kb2 Rc6 34.
c4 Rc5 35. cxd5 exd5 36. f4 Kf8 37. Rd3 Ke7 38. f5 g6 39. g4 gxf5 40. gxf5 d4
41. Ka2 Bc3 42. e6 fxe6 43. fxe6 Kxe6 44. Ka3 Re5 45. b4 Re3 46. Rd1 Re1 47.
Rxe1+ Bxe1 48. Kb3 Kd5 49. a5 Bxh4 50. a6 Kc6 51. Kc4 Bf6 0-1

[Event "3rd Prague Futures"]
[Site "Prague CZE"]
[Date "2021.06.19"]
[Round "6.1"]
[White "Paseka, Matyas"]
[Black "Vojta, Jakub"]
[Result "0-1"]
[WhiteElo "2069"]
[BlackElo "2111"]
[WhiteFideId "23703296"]
[BlackFideId "382515"]
[EventDate "2021.06.14"]

1. e4 Nf6 2. e5 Nd5 3. d4 d6 4. c4 Nb6 5. exd6 cxd6 6. Nc3 g6 7. Be3 Bg7 8. Rc1
O-O 9. b3 e5 10. dxe5 dxe5 11. Qxd8 Rxd8 12. c5 N6d7 13. Nf3 Nc6 14. Bc4 h6 15.
O-O Nf6 16. h3 Bf5 17. Rfd1 g5 18. Kf1 g4 19. hxg4 Nxg4 20. Ke2 Nxe3 21. Rxd8+
Rxd8 22. fxe3 e4 23. Nd2 Bxc3 24. Rxc3 Ne5 25. b4 Kf8 26. Nb3 h5 27. Nd4 Bg4+
28. Kf2 h4 29. Bf1 Ke7 30. b5 Rc8 31. Ra3 Rxc5 32. Rxa7 Bc8 33. a4 Kd6 34. a5
Rc1 35. a6 bxa6 36. b6 Ng4+ 37. Ke2 Rb1 38. Rc7 Bd7 39. Rc2 Rxf1 40. Rb2 Rf2+ 0-1